00674 2200241 4500001002100000005001500021035002000036008004100056245013600097100001900233260003500252300002300287020002200310084001900332082001100351650001400362990002100376990000700397990000700404990000700411990000700418990000700425INLIS00000000000265620250909101536 a0010-0425000012250909 0 ind 1 aEnsiklopedia biografi nabi muhammad saw dan tokoh-tokoh besar islam : panutan dan teladan bagi umat sepanjang masa /cAhmad Sunarto aAhmad, Sunarto aJakarta :bWidya cahaya,c2013 a552 hlm. ;c20 cm. a978-602-03-2135-6 aR 297.03 Ahm e a297.03 4aReferensi a46/R/SMPN7SBY/16 a66 a63 a62 a64 a65